<?xml version="1.0" encoding="UTF-8"?>
<marc:record xmlns:marc="http://www.loc.gov/MARC21/slim">
   <marc:leader>00000nam a2200000 a 4500</marc:leader>
   <marc:datafield ind1="1" ind2=" " tag="100">
      <marc:subfield code="a">Geisert, Arthur</marc:subfield>
      <marc:subfield code="4">aut</marc:subfield>
      <marc:subfield code="e">Verfasser/-in</marc:subfield>
   </marc:datafield>
   <marc:datafield ind1="1" ind2=" " tag="100">
      <marc:subfield code="a">Stroh, Wilfried</marc:subfield>
   </marc:datafield>
   <marc:datafield ind1=" " ind2=" " tag="653">
      <marc:subfield code="a">Latein</marc:subfield>
   </marc:datafield>
   <marc:datafield ind1=" " ind2=" " tag="653">
      <marc:subfield code="a">Zahlen</marc:subfield>
   </marc:datafield>
   <marc:datafield ind1="0" ind2="0" tag="245">
      <marc:subfield code="a">Numeri romani ab uno ad duo milia</marc:subfield>
   </marc:datafield>
   <marc:datafield ind1="0" ind2="0" tag="245">
      <marc:subfield code="b">die römischen Zahlen von I bis MM</marc:subfield>
   </marc:datafield>
   <marc:datafield ind1="0" ind2="0" tag="245">
      <marc:subfield code="c">Arthur Geisert</marc:subfield>
   </marc:datafield>
   <marc:datafield ind1=" " ind2="1" tag="264">
      <marc:subfield code="a">München-Wien</marc:subfield>
      <marc:subfield code="b">Hanser</marc:subfield>
      <marc:subfield code="c">1999</marc:subfield>
   </marc:datafield>
   <marc:datafield ind1="1" ind2=" " tag="520">
      <marc:subfield code="a">Schwein gehabt! Nach der Lektüre dieses Buches kann man nicht nur die endlosen Buchstabenkolonnen auf antiken Gemäuern entziffern, man hat sich auch noch saugut unterhalten. In nachvollziehbaren Schritten führt der Autor in den Aufbau des römischen Zahlensystems ein, erklärt Grundlagen und Kombinationsmöglichkeiten. Auf rustikal-zierlichen Bildvignetten wird die jeweilige Zahl in Form von &#x96; nachzählbaren &#x96; Schweinchen anschaulich gemacht. Stilgerecht ist der Text auf lateinisch abgefasst &#x96; doch keine Angst, es gibt einen erklärenden Anhang.</marc:subfield>
   </marc:datafield>
   <marc:datafield ind1=" " ind2=" " tag="020">
      <marc:subfield code="a">9783446197343</marc:subfield>
      <marc:subfield code="9">9783446197343</marc:subfield>
   </marc:datafield>
   <marc:datafield ind1=" " ind2=" " tag="020">
      <marc:subfield code="a">3446197346</marc:subfield>
      <marc:subfield code="9">3446197346</marc:subfield>
   </marc:datafield>
   <marc:datafield ind1=" " ind2=" " tag="500">
      <marc:subfield code="a">Ins Lateinische übertragen von Professor Wilfried Stroh. Mit einer deutschen Übertragung im Anhang</marc:subfield>
   </marc:datafield>
   <marc:datafield ind1=" " ind2=" " tag="300">
      <marc:subfield code="a">31 S. : durchg. Ill.</marc:subfield>
   </marc:datafield>
</marc:record>
